Quantity Surveyors Society of British Columbia (Record no. 119615)

MARC details
000 -LEADER
fixed length control field 00734cam a2200217 4500
001 - CONTROL NUMBER
control field WS108080
008 - FIXED-LENGTH DATA ELEMENTS--GENERAL INFORMATION
fixed length control field 000000n 000 0 eng u
035 ## - SYSTEM CONTROL NUMBER
System control number (Sirsi) u108080
110 ## - MAIN ENTRY--CORPORATE NAME
Corporate name or jurisdiction name as entry element Quantity Surveyors Society of British Columbia
9 (RLIN) 3930
245 ## - TITLE STATEMENT
Title Quantity Surveyors Society of British Columbia
520 ## - SUMMARY, ETC.
Summary, etc. Basic institutional web site but includes construction costs for the area.
650 ## - SUBJECT ADDED ENTRY--TOPICAL TERM
Topical term or geographic name entry element CANADA
650 ## - SUBJECT ADDED ENTRY--TOPICAL TERM
Topical term or geographic name entry element BUILT ENVIRONMENT-QUANTITY SURVEYING
650 ## - SUBJECT ADDED ENTRY--TOPICAL TERM
Topical term or geographic name entry element CONSTRUCTION COSTS
650 ## - SUBJECT ADDED ENTRY--TOPICAL TERM
Topical term or geographic name entry element CODE OF ETHICS
650 ## - SUBJECT ADDED ENTRY--TOPICAL TERM
Topical term or geographic name entry element ORGANISATION
650 ## - SUBJECT ADDED ENTRY--TOPICAL TERM
Topical term or geographic name entry element BRITISH COLUMBIA
690 ## - LOCAL SUBJECT ADDED ENTRY--TOPICAL TERM (OCLC, RLIN)
Topical term or geographic name as entry element INTERNATIONAL-AMERICAS
856 40 - ELECTRONIC LOCATION AND ACCESS
Uniform Resource Identifier <a href="https://www.qssbc.org">https://www.qssbc.org</a>
Public note View the website free of charge at www.gssbc.org...
942 ## - ADDED ENTRY ELEMENTS (KOHA)
Suppress in OPAC 0
Holdings
Withdrawn status Lost status Source of classification or shelving scheme Damaged status Not for loan Home library Current library Shelving location Date acquired Total Checkouts Full call number Barcode Date last seen Copy number Price effective from Koha item type
    Dewey Decimal Classification     Virtual Virtual Online 30/08/2000   WEB SITE 108080-2001 06/08/2019 1 06/08/2019 Online material